C ++ Primer (Record no. 299492)
[ view plain ]
| 000 -LEADER | |
|---|---|
| fixed length control field | 00265 a2200121 4500 |
| 001 - CONTROL NUMBER | |
| control field | 64419 |
| 082 ## - DEWEY DECIMAL CLASSIFICATION NUMBER | |
| Classification number | 005.133 LIP |
| 090 ## - LOCALLY ASSIGNED LC-TYPE CALL NUMBER (OCLC); LOCAL CALL NUMBER (RLIN) | |
| -- | 38048 |
| -- | 38048 |
| 100 ## - MAIN ENTRY--PERSONAL NAME | |
| Personal name | Lippman S B |
| 245 ## - TITLE STATEMENT | |
| Title | C ++ Primer |
| 260 ## - PUBLICATION, DISTRIBUTION, ETC. | |
| Place of publication, distribution, etc. | California |
| Name of publisher, distributor, etc. | Addison Wesley |
| Date of publication, distribution, etc. | 1989 |
| 300 ## - PHYSICAL DESCRIPTION | |
| Extent | 464p |
| 942 ## - ADDED ENTRY ELEMENTS (KOHA) | |
| Institution code [OBSOLETE] | NUST-CAE |
| Call number prefix | 005.133 LIP |
| Withdrawn status | Lost status | Damaged status | Not for loan | Collection code | Permanent Location | Current Location | Date acquired | Total Checkouts | Full call number | Barcode | Date last seen | Price effective from | Koha item type |
|---|---|---|---|---|---|---|---|---|---|---|---|---|---|
| College of Aeronautical Engineering (CAE) | College of Aeronautical Engineering (CAE) | 04/03/2017 | 005.133 LIP | CAEG-5226 | 04/05/2017 | 04/05/2017 | Book |
